00482nam a22001452 4500001001100000005001700011008004100028020002700069040001500096100003600111245006300147260005000210300002000260650005600280000000880420151217152041.0080605s xx 000 0 eng d a1563082136 :cKES 3200 aKABUcKABU1 aNisonger, Thomas E.@000015782910aManagement of serials in libraries /c Thomas E. Nisonger. aEnglewood, CO. :bLibraries Unlimited,c2004. axxviii, 433 p. 0aSerials control systemszUnited States.@0000159561